[Event "II Festival Panza A"]
[Site "Forio ITA"]
[Date "2010.07.18"]
[Round "3"]
[White "Brookes, Christopher"]
[Black "Taglialatela, Massimiliano"]
[Result "1/2-1/2"]
[WhiteElo "2023"]
[BlackElo "2047"]
[PlyCount "122"]
[EventDate "2010.07.17"]

1. e4 c6 2. d4 d5 3. Nc3 dxe4 4. Nxe4 Bf5 5. Ng3 Bg6 6. h4 h6 7. Nf3 Nd7 8. h5
Bh7 9. Bd3 Bxd3 10. Qxd3 Ngf6 11. Bd2 e6 12. O-O-O Be7 13. Qe2 O-O 14. Kb1 a5
15. Nf1 Bb4 16. c3 Be7 17. g4 Nh7 18. Rg1 a4 19. Ne5 Nxe5 20. dxe5 Qb6 21. Ng3
Ba3 22. Bc1 Ra5 23. Ka1 Rb5 24. c4 Rb4 25. c5 Bxb2+ 26. Bxb2 Qxc5 27. Ne4 Qa5
28. Bc3 Rxe4 29. Qxe4 Qxc3+ 30. Kb1 Ng5 31. Qxa4 Nf3 32. Qc2 Qb4+ 33. Qb2 Qxb2+
34. Kxb2 Nxg1 35. Rxg1 Rd8 36. Kc3 Rd5 37. f4 Kf8 38. a4 Ke7 39. Rb1 Rd7 40.
Kc4 Kd8 41. g5 Ke7 42. gxh6 gxh6 43. Rg1 Kf8 44. Kc5 Rd3 45. Ra1 f6 46. exf6
Kf7 47. Rb1 Ra3 48. Rxb7+ Kxf6 49. Rb4 Rh3 50. a5 Rxh5+ 51. Kb6 Rd5 52. a6 Rd8
53. a7 h5 54. Kxc6 Ra8 55. Kb7 Rxa7+ 56. Kxa7 Kf5 57. Kb6 h4 58. Kc5 h3 59. Rb8
Kxf4 60. Kd4 Kf3 61. Kd3 h2 1/2-1/2

[Event "II Festival Panza A"]
[Site "Forio ITA"]
[Date "2010.07.19"]
[Round "4"]
[White "Epishin, Vladimir V."]
[Black "Manca, Federico"]
[Result "1-0"]
[WhiteElo "2598"]
[BlackElo "2356"]
[PlyCount "69"]
[EventDate "2010.07.17"]

1. d4 Nf6 2. Nf3 g6 3. c4 Bg7 4. Nc3 O-O 5. Bg5 d6 6. e3 c5 7. h3 h6 8. Bh4 Bf5
9. Bd3 Bxd3 10. Qxd3 Nbd7 11. O-O cxd4 12. exd4 Rc8 13. Rfe1 Re8 14. Re3 Qc7
15. b3 Qa5 16. Rae1 e6 17. Nb5 Bf8 18. Bg3 d5 19. Ne5 dxc4 20. bxc4 a6 21. Nxd7
Nxd7 22. Nd6 Bxd6 23. Bxd6 Qxa2 24. Rxe6 Rxe6 25. Rxe6 Nf8 26. Re1 b5 27. c5
Qd5 28. Re5 Qc4 29. Qe3 Ne6 30. d5 Ng7 31. c6 b4 32. Qc5 Qxc5 33. Bxc5 b3 34.
Re3 Rb8 35. Rxb3 1-0

[Event "II Festival Panza A"]
[Site "Forio ITA"]
[Date "2010.07.19"]
[Round "4"]
[White "Rotstein, Arkadij"]
[Black "Gaponenko, Inna"]
[Result "1-0"]
[WhiteElo "2527"]
[BlackElo "2465"]
[PlyCount "105"]
[EventDate "2010.07.17"]

1. c4 e6 2. g3 Nf6 3. Bg2 d5 4. Nf3 dxc4 5. Qa4+ Nbd7 6. Qxc4 a6 7. Qb3 c5 8.
a4 Be7 9. d3 O-O 10. Nc3 Qc7 11. a5 b5 12. axb6 Nxb6 13. Bf4 Bd6 14. Bxd6 Qxd6
15. Nd2 Rb8 16. Qa3 Qc7 17. O-O c4 18. Rfc1 cxd3 19. Nd5 Qxc1+ 20. Rxc1 Nbxd5
21. Qxd3 Bd7 22. Qd4 Bb5 23. e4 Nb6 24. e5 Rfd8 25. Qf4 Nfd5 26. Qh4 h6 27. Ne4
Nc4 28. Nf6+ Nxf6 29. exf6 Ne5 30. fxg7 Kxg7 31. h3 Bd3 32. Rd1 Ng6 33. Qh5 Bf5
34. Rxd8 Rxd8 35. Qe2 Rd6 36. h4 Kf6 37. f4 Ke7 38. h5 Nf8 39. g4 Bd3 40. Qe3
Nd7 41. g5 hxg5 42. fxg5 Bf5 43. h6 Nf8 44. Qa7+ Nd7 45. Qe3 Nf8 46. b4 Nh7 47.
Kf2 f6 48. gxf6+ Kxf6 49. Qa7 Rd2+ 50. Kg1 Rd1+ 51. Kh2 Kg5 52. Qg7+ Bg6 53.
Be4 1-0

[Event "II Festival Panza A"]
[Site "Forio ITA"]
[Date "2010.07.19"]
[Round "4"]
[White "Meijers, Viesturs"]
[Black "Caprio, Guido"]
[Result "1-0"]
[WhiteElo "2474"]
[BlackElo "2250"]
[PlyCount "63"]
[EventDate "2010.07.17"]

1. d4 Nf6 2. Nf3 d5 3. e3 e6 4. Bd3 c5 5. b3 Be7 6. O-O O-O 7. Bb2 b6 8. c4
cxd4 9. exd4 dxc4 10. bxc4 Bb7 11. Nbd2 Nbd7 12. Rc1 Rc8 13. Qe2 Re8 14. Rc3
Nf8 15. Rb3 Ng6 16. Bb1 Qc7 17. h3 Nh5 18. Be4 Ba6 19. Rc1 Nhf4 20. Qe3 f5 21.
Bb1 Bb7 22. Ba3 Bxa3 23. Rxa3 e5 24. dxe5 Nd5 25. Qg5 Nxe5 26. Bxf5 Nxf3+ 27.
Nxf3 h6 28. Qd2 Nf4 29. Bxc8 Re2 30. Qd4 Re4 31. Qd7 Ne2+ 32. Kh1 1-0

[Event "II Festival Panza A"]
[Site "Forio ITA"]
[Date "2010.07.19"]
[Round "4"]
[White "Safranska, Anda"]
[Black "Naumkin, Igor"]
[Result "0-1"]
[WhiteElo "2288"]
[BlackElo "2466"]
[PlyCount "108"]
[EventDate "2010.07.17"]

1. Nf3 Nf6 2. g3 d5 3. Bg2 c5 4. O-O Nc6 5. d3 e5 6. Nbd2 Be7 7. e4 O-O 8. c3
Be6 9. Qe2 Re8 10. Ng5 Bg4 11. f3 Bh5 12. Nh3 Bf8 13. Nf2 b5 14. Re1 b4 15. Nf1
bxc3 16. bxc3 c4 17. g4 Bg6 18. dxc4 dxe4 19. fxe4 Bc5 20. Be3 Qa5 21. Bxc5
Qxc5 22. Ne3 Rac8 23. Rab1 a6 24. h3 Nd8 25. Rb4 Ne6 26. Nf5 Rcd8 27. Kf1 a5
28. Rb5 Qc7 29. Kg1 Nf4 30. Qe3 Qxc4 31. Rxa5 Nd3 32. Nxd3 Rxd3 33. Qc5 Qxc3
34. Qxc3 Rxc3 35. Re2 h5 36. g5 Nd7 37. Ra7 Nf8 38. h4 Ne6 39. Ne7+ Kh7 40. Nd5
Rc1+ 41. Kh2 Rec8 42. Rb7 R8c4 43. Ne3 Ra4 44. Nd5 Ra1 45. Rbb2 Nc5 46. Nc3 Rc4
47. Rbc2 Ne6 48. Nb5 Ra4 49. Nc3 Ra3 50. Nb5 Ra5 51. Rb2 Nf4 52. Red2 Nxg2 53.
Rxg2 Bxe4 54. Rge2 Bd3 0-1

[Event "II Festival Panza A"]
[Site "Forio ITA"]
[Date "2010.07.19"]
[Round "4"]
[White "Scharrer, Patrick"]
[Black "Lazarev, Vladimir"]
[Result "0-1"]
[WhiteElo "2253"]
[BlackElo "2444"]
[PlyCount "82"]
[EventDate "2010.07.17"]

1. e4 c5 2. Nf3 Nc6 3. Bb5 e6 4. O-O Nge7 5. Re1 a6 6. Bf1 d5 7. exd5 Qxd5 8.
Nc3 Qd8 9. Ne4 Nf5 10. b3 Be7 11. Bb2 O-O 12. g3 b6 13. Bg2 Bb7 14. Ne5 Nxe5
15. Bxe5 Qd7 16. d3 Rad8 17. a4 Nd4 18. Qg4 f6 19. Bxd4 cxd4 20. Nd2 Bxg2 21.
Kxg2 Bb4 22. Re2 Qc6+ 23. Nf3 e5 24. Qe4 Qc3 25. Rf1 Rf7 26. Nh4 g6 27. f4 exf4
28. Rxf4 Re7 29. Qf3 f5 30. Rxe7 Bxe7 31. Qe2 Qc6+ 32. Nf3 Bg5 33. Qf2 Bxf4 34.
gxf4 Rc8 35. Kg3 Qxc2 36. Qxd4 Qc5 37. Qd7 Qc6 38. Qa7 Ra8 39. Qe7 Re8 40. Qg5
Re3 41. Qd8+ Kf7 0-1

[Event "II Festival Panza A"]
[Site "Forio ITA"]
[Date "2010.07.19"]
[Round "4"]
[White "Pegoraro, Nicola"]
[Black "Ortega, Lexy"]
[Result "0-1"]
[WhiteElo "2036"]
[BlackElo "2488"]
[PlyCount "78"]
[EventDate "2010.07.17"]

1. e4 c5 2. Nf3 e6 3. d4 cxd4 4. Nxd4 Nc6 5. Be2 Nf6 6. Nc3 d6 7. Be3 Be7 8.
O-O a6 9. f4 O-O 10. Bd3 Re8 11. e5 Nxd4 12. Bxd4 dxe5 13. Bxe5 Bd7 14. Ne4 Nd5
15. Qh5 g6 16. Qe2 Qb6+ 17. Kh1 f6 18. Bc3 f5 19. Nd2 Nxc3 20. bxc3 Bf6 21. Nc4
Qc7 22. Ne5 Bxe5 23. Qxe5 Qxe5 24. fxe5 Rac8 25. c4 Rc5 26. Rfe1 Bc6 27. Kg1
Rd8 28. Rad1 Kf7 29. Kf2 Ke7 30. g3 g5 31. h4 gxh4 32. gxh4 Rd4 33. Kg3 Ra5 34.
Ra1 Ra3 35. Kf2 Rxh4 36. Rg1 Rh2+ 37. Ke3 Kf7 38. Rg3 Ra5 39. Kf4 h6 0-1

[Event "II Festival Panza A"]
[Site "Forio ITA"]
[Date "2010.07.19"]
[Round "4"]
[White "Ochtman, Henk"]
[Black "Andreoli, Mark"]
[Result "1-0"]
[WhiteElo "2183"]
[BlackElo "2013"]
[PlyCount "57"]
[EventDate "2010.07.17"]

1. c4 e5 2. g3 f5 3. d4 exd4 4. Nf3 Bb4+ 5. Bd2 Qe7 6. Nxd4 Bxd2+ 7. Qxd2 d6 8.
Bg2 Nf6 9. Nc3 O-O 10. O-O Na6 11. e4 Nxe4 12. Rae1 Nac5 13. b4 Ne6 14. Nxe4
Nxd4 15. Qxd4 fxe4 16. Rxe4 Qf6 17. Qxf6 gxf6 18. Re7 c6 19. b5 Rf7 20. Rfe1
Rxe7 21. Rxe7 cxb5 22. cxb5 Bf5 23. Rxb7 Re8 24. Bd5+ Kh8 25. Kg2 Re5 26. Bf3
Bd3 27. a4 Bc2 28. Rxa7 d5 29. b6 1-0

[Event "II Festival Panza A"]
[Site "Forio ITA"]
[Date "2010.07.19"]
[Round "4"]
[White "Looijmans, Karel"]
[Black "Hamperl, Fred"]
[Result "1-0"]
[WhiteElo "2104"]
[BlackElo "2084"]
[PlyCount "47"]
[EventDate "2010.07.17"]

1. e4 c5 2. Nf3 Nc6 3. d4 cxd4 4. Nxd4 e5 5. Nb5 d6 6. N1c3 a6 7. Na3 b5 8. Nd5
Nce7 9. c4 Nxd5 10. Qxd5 Be6 11. Qd1 Nf6 12. cxb5 Nxe4 13. bxa6 d5 14. Bb5+ Bd7
15. Qxd5 Qa5+ 16. Ke2 Bxb5+ 17. Qxb5+ Qxb5+ 18. Nxb5 Kd7 19. a4 Bc5 20. Be3
Rhc8 21. Rac1 f5 22. Rhd1+ Ke6 23. f3 Nd6 24. Rxc5 1-0

[Event "II Festival Panza A"]
[Site "Forio ITA"]
[Date "2010.07.19"]
[Round "4"]
[White "Lamagna, Mario"]
[Black "Heikkila, Antti"]
[Result "0-1"]
[WhiteElo "2009"]
[BlackElo "2045"]
[PlyCount "90"]
[EventDate "2010.07.17"]

1. e4 d6 2. d4 Nf6 3. Nc3 g6 4. Nf3 Bg7 5. Be2 O-O 6. O-O c6 7. h3 Nbd7 8. Be3
e5 9. dxe5 dxe5 10. Qd2 Qe7 11. Ne1 Nc5 12. f3 Nh5 13. Nd3 Ne6 14. Qe1 Nd4 15.
Bd1 b5 16. Ne2 Be6 17. c3 Nxe2+ 18. Bxe2 Rfd8 19. Qf2 Bc4 20. Rfd1 Bf6 21. Bc5
Qe6 22. b3 Bxd3 23. Bxd3 Nf4 24. Bf1 Be7 25. Be3 Rd7 26. Rxd7 Qxd7 27. Qd2 Qxd2
28. Bxd2 Bc5+ 29. Kh2 Rd8 30. Be1 Be3 31. g3 Ne6 32. a4 bxa4 33. b4 Bd2 34.
Bxd2 Rxd2+ 35. Bg2 Rc2 36. Rxa4 Rxc3 37. Rxa7 Rb3 38. Ra6 Nd4 39. f4 Rxb4 40.
fxe5 c5 41. Rd6 h5 42. Rd5 Ne6 43. h4 c4 44. Bh3 Rb2+ 45. Kg1 c3 0-1

[Event "II Festival Panza A"]
[Site "Forio ITA"]
[Date "2010.07.19"]
[Round "4"]
[White "Graziani, Sergio"]
[Black "De Rosa, Mariagrazia"]
[Result "1/2-1/2"]
[WhiteElo "1919"]
[BlackElo "2073"]
[PlyCount "51"]
[EventDate "2010.07.17"]

1. d4 Nf6 2. Nf3 e6 3. Bg5 c5 4. c3 Be7 5. e3 b6 6. Bd3 Bb7 7. Nbd2 Nc6 8. O-O
O-O 9. Re1 cxd4 10. exd4 Nd5 11. Bxe7 Qxe7 12. Bc4 Na5 13. Bf1 Nf4 14. g3 Nd5
15. c4 Nf6 16. b3 d5 17. Rc1 Rac8 18. Ne5 dxc4 19. bxc4 Qa3 20. Qc2 Rfd8 21.
Re3 Qd6 22. Ndf3 Nc6 23. Nxc6 Qxc6 24. Qb2 Ng4 25. Ra3 a5 26. Bg2 1/2-1/2

[Event "II Festival Panza A"]
[Site "Forio ITA"]
[Date "2010.07.19"]
[Round "4"]
[White "Taglialatela, Massimiliano"]
[Black "Basso, Pier Luigi"]
[Result "1-0"]
[WhiteElo "2047"]
[BlackElo "1689"]
[PlyCount "44"]
[EventDate "2010.07.17"]

1. e4 c6 2. d4 d5 3. Nd2 dxe4 4. Nxe4 Nd7 5. Nf3 Ngf6 6. Ng3 e6 7. Bd3 Qc7 8.
O-O c5 9. c3 Be7 10. Qe2 O-O 11. Bg5 cxd4 12. Nxd4 h6 13. Bd2 Nc5 14. Bc2 b6
15. b4 Ba6 16. b5 Bb7 17. Rfe1 Rac8 18. Nh5 Nxh5 19. Qxh5 Nd7 20. Bxh6 Nf6 21.
Qg5 Ne8 22. Qg4 Nf6 1-0

[Event "II Festival Panza A"]
[Site "Forio ITA"]
[Date "2010.07.19"]
[Round "4"]
[White "Magaldi, Giuseppe"]
[Black "Brookes, Christopher"]
[Result "0-1"]
[WhiteElo "1458"]
[BlackElo "2023"]
[PlyCount "54"]
[EventDate "2010.07.17"]

1. e4 c5 2. Nf3 Nc6 3. a3 g6 4. Nc3 Bg7 5. d4 cxd4 6. Nd5 Nf6 7. Bg5 Nxe4 8.
Bd3 Nxg5 9. Nxg5 Qa5+ 10. Nb4 Nxb4 11. axb4 Qxg5 12. O-O O-O 13. Qe2 b6 14.
Rae1 Bb7 15. f3 e5 16. Be4 d5 17. Bd3 Qe7 18. Qf2 Qxb4 19. c3 dxc3 20. bxc3
Qxc3 21. Rd1 e4 22. fxe4 Bd4 23. Qxd4 Qxd4+ 24. Kh1 dxe4 25. Bc2 Qb2 26. Bb1 e3
27. Rc1 Qxg2# 0-1

[Event "II Festival Panza A"]
[Site "Forio ITA"]
[Date "2010.07.20"]
[Round "5"]
[White "Epishin, Vladimir V."]
[Black "Rotstein, Arkadij"]
[Result "1/2-1/2"]
[WhiteElo "2598"]
[BlackElo "2527"]
[PlyCount "79"]
[EventDate "2010.07.17"]

1. d4 Nf6 2. Nf3 e6 3. c4 d5 4. Bg5 Be7 5. e3 h6 6. Bh4 O-O 7. Nbd2 Ne4 8. Bxe7
Qxe7 9. Rc1 c6 10. Be2 Nd7 11. O-O Nxd2 12. Qxd2 dxc4 13. Rxc4 e5 14. dxe5 Nxe5
15. Nxe5 Qxe5 16. Rd4 Be6 17. b3 Qc7 18. Rd1 a5 19. Bc4 Bxc4 20. bxc4 b5 21.
Rd7 Qe5 22. cxb5 cxb5 23. Rd5 Qb8 24. h4 b4 25. Qe2 Ra7 26. Rb5 Qc7 27. Rdd5
Rc8 28. Qg4 Ra6 29. Qd4 Rc6 30. g3 Rc4 31. Qd3 a4 32. Rd7 Qc6 33. Rbd5 Kf8 34.
R7d6 Rc1+ 35. Kg2 Qc2 36. Qxc2 R1xc2 37. Rb5 Rxa2 38. Rxb4 Ra8 39. Rd7 a3 40.
Rbb7 1/2-1/2

[Event "II Festival Panza A"]
[Site "Forio ITA"]
[Date "2010.07.20"]
[Round "5"]
[White "Naumkin, Igor"]
[Black "Manca, Federico"]
[Result "1/2-1/2"]
[WhiteElo "2466"]
[BlackElo "2356"]
[PlyCount "47"]
[EventDate "2010.07.17"]

1. d4 Nf6 2. c4 g6 3. Nc3 Bg7 4. e4 d6 5. Nf3 O-O 6. Be2 c5 7. d5 e6 8. O-O Re8
9. Nd2 Na6 10. Kh1 Rb8 11. f4 exd5 12. cxd5 Nc7 13. a4 a6 14. a5 Bd7 15. f5 Bb5
16. Ra3 Bxe2 17. Qxe2 Qd7 18. Qf3 Nb5 19. Nxb5 Qxb5 20. Rb3 Qa4 21. Ra3 Qc2 22.
Rc3 Qa4 23. Ra3 Qb4 24. Rb3 1/2-1/2

[Event "II Festival Panza A"]
[Site "Forio ITA"]
[Date "2010.07.20"]
[Round "5"]
[White "Ortega, Lexy"]
[Black "Safranska, Anda"]
[Result "1-0"]
[WhiteElo "2488"]
[BlackElo "2288"]
[PlyCount "93"]
[EventDate "2010.07.17"]

1. d4 d6 2. g3 Nf6 3. Bg2 g6 4. c4 Bg7 5. Nc3 O-O 6. Nf3 Nc6 7. O-O Rb8 8. h3
Bd7 9. e4 e5 10. Be3 exd4 11. Nxd4 Qc8 12. Kh2 Ne5 13. b3 a6 14. Rc1 Re8 15.
Re1 c5 16. Nde2 Bc6 17. Bg5 b5 18. cxb5 axb5 19. Bxf6 Bxf6 20. Qxd6 Re6 21. Qd2
c4 22. bxc4 bxc4 23. Rb1 Nd3 24. Rxb8 Qxb8 25. Rb1 Qa7 26. Qe3 Qa5 27. Rb8+ Kg7
28. Nd4 Rd6 29. Nd5 Bxd5 30. exd5 Qc7 31. Ra8 Rd7 32. Nc6 Qd6 33. f4 Rb7 34.
Qe8 Nxf4 35. Qg8+ Kh6 36. Nd8 Bxd8 37. Rxd8 Qe5 38. Qf8+ Kg5 39. Re8 Qf5 40.
h4+ Kg4 41. Re4 Qxe4 42. Bxe4 Rb2+ 43. Kh1 Nh5 44. Qa3 Nxg3+ 45. Kg1 c3 46. Bc2
Kh3 47. Qxc3 1-0

[Event "II Festival Panza A"]
[Site "Forio ITA"]
[Date "2010.07.20"]
[Round "5"]
[White "Gaponenko, Inna"]
[Black "Ochtman, Henk"]
[Result "1-0"]
[WhiteElo "2465"]
[BlackElo "2183"]
[PlyCount "165"]
[EventDate "2010.07.17"]

1. e4 e6 2. d4 d5 3. Nc3 Nf6 4. e5 Nfd7 5. f4 c5 6. Nf3 Nc6 7. Be3 Qb6 8. a3 f6
9. exf6 Nxf6 10. dxc5 Bxc5 11. Na4 Bb4+ 12. Bd2 Qe3+ 13. Be2 Ne4 14. Rf1 Bxd2+
15. Nxd2 O-O 16. Nxe4 Qxe4 17. Nc3 Qxg2 18. Qd3 Ne7 19. O-O-O Qg6 20. Qd2 Bd7
21. Bd3 Qf6 22. Rde1 Rf7 23. Kb1 Raf8 24. Qe3 b6 25. Ne2 Nc8 26. Nd4 Re8 27. c3
Nd6 28. Qh3 g6 29. Qg2 Kh8 30. h4 Nf5 31. Bxf5 gxf5 32. Qf2 Rg7 33. Nf3 Bb5 34.
Rg1 Bd3+ 35. Ka2 Be4 36. Rxg7 Qxg7 37. Rg1 Qf6 38. Ne5 Rg8 39. Rg5 h6 40. Rxg8+
Kxg8 41. Qg1+ Qg7 42. Qxg7+ Kxg7 43. Kb3 Kf6 44. Kb4 a6 45. a4 Bg2 46. a5 bxa5+
47. Kxa5 Bf1 48. Kb4 Be2 49. Kc5 a5 50. Kd6 Bg4 51. Kd7 Be2 52. Kd8 Bg4 53. Kc7
Be2 54. Kd7 Bg4 55. Kd6 a4 56. Nc6 Kg6 57. Kxe6 Kh5 58. Nd4 Kxh4 59. Nxf5+
Bxf5+ 60. Kxf5 Kg3 61. Ke5 h5 62. f5 h4 63. f6 h3 64. f7 h2 65. f8=Q h1=Q 66.
Qf4+ Kg2 67. Qxa4 Qh5+ 68. Kd6 Qe2 69. b4 Kf2 70. Qa7+ Ke1 71. Qd4 Qa6+ 72.
Kxd5 Qb5+ 73. Ke4 Qc6+ 74. Kd3 Qa6+ 75. c4 Kf1 76. Qf4+ Kg1 77. b5 Qa3+ 78. Kd4
Qa1+ 79. Kc5 Qa3+ 80. Kb6 Qa8 81. c5 Qd8+ 82. Qc7 Qd3 83. c6 1-0

[Event "II Festival Panza A"]
[Site "Forio ITA"]
[Date "2010.07.20"]
[Round "5"]
[White "Heikkila, Antti"]
[Black "Scharrer, Patrick"]
[Result "0-1"]
[WhiteElo "2045"]
[BlackElo "2253"]
[PlyCount "72"]
[EventDate "2010.07.17"]

1. c4 g6 2. Nc3 Bg7 3. d4 d6 4. e4 e5 5. Be3 Nc6 6. Nge2 Nh6 7. d5 Ne7 8. Ng3
f5 9. Bg5 Nf7 10. Bxe7 Qxe7 11. exf5 gxf5 12. Nh5 Bh6 13. Be2 O-O 14. O-O Nh8
15. g3 Ng6 16. Re1 Qf7 17. b4 a5 18. a3 axb4 19. axb4 Rxa1 20. Qxa1 f4 21. Ne4
f3 22. Bf1 Qf5 23. Qa5 Qxh5 24. Qxc7 Bh3 25. Bd3 Bf5 26. c5 Nf4 27. gxf4 Qg4+
28. Ng3 Bxd3 29. Qxd6 Qh3 30. Qe6+ Qxe6 31. dxe6 Bxf4 32. Nh5 Rf5 33. Nxf4 Rxf4
34. Rxe5 Rxb4 35. h3 Re4 36. Rd5 Bb5 0-1

[Event "II Festival Panza A"]
[Site "Forio ITA"]
[Date "2010.07.20"]
[Round "5"]
[White "Caprio, Guido"]
[Black "Looijmans, Karel"]
[Result "1-0"]
[WhiteElo "2250"]
[BlackElo "2104"]
[PlyCount "55"]
[EventDate "2010.07.17"]

1. e4 c5 2. Nf3 e6 3. d4 cxd4 4. Nxd4 Nc6 5. Nc3 Qc7 6. Be3 a6 7. Qd2 Nf6 8.
O-O-O Bb4 9. f3 h6 10. Nb3 Na5 11. Kb1 Nc4 12. Bxc4 Qxc4 13. Bd4 Be7 14. g4 d6
15. h4 e5 16. Be3 Be6 17. g5 hxg5 18. hxg5 Nh5 19. f4 exf4 20. Bxf4 O-O-O 21.
Be3 Ng3 22. Rhe1 f5 23. Na5 Qc7 24. exf5 Nxf5 25. Nd5 Bxd5 26. Qxd5 Nxe3 27.
Rxe3 Rh2 28. Rc3 1-0

[Event "II Festival Panza A"]
[Site "Forio ITA"]
[Date "2010.07.20"]
[Round "5"]
[White "Taglialatela, Massimiliano"]
[Black "Pegoraro, Nicola"]
[Result "0-1"]
[WhiteElo "2047"]
[BlackElo "2036"]
[PlyCount "92"]
[EventDate "2010.07.17"]

1. e4 c5 2. Nf3 d6 3. Bb5+ Nd7 4. c3 Ngf6 5. Qe2 a6 6. Ba4 b5 7. Bc2 Ne5 8. a4
Bd7 9. Nxe5 dxe5 10. O-O e6 11. Rd1 Bc6 12. d4 cxd4 13. cxd4 exd4 14. axb5 Bxb5
15. Ba4 Bxa4 16. Rxa4 Bc5 17. Rxa6 Rxa6 18. Qxa6 O-O 19. Qc6 Qc8 20. Qxc8 Rxc8
21. f3 e5 22. Na3 Nd7 23. Nc4 Bb4 24. b3 f6 25. Bd2 Bxd2 26. Rxd2 Rb8 27. Rb2
Nc5 28. Nd2 Kf7 29. Kf1 Ke6 30. Ke2 Rb4 31. Rb1 g6 32. Rc1 Kd6 33. Nc4+ Kc6 34.
Nd2 Kb5 35. g3 Nxb3 36. Nxb3 Rxb3 37. h4 Rb2+ 38. Kf1 d3 39. Rc7 Rc2 40. Rd7
Kc4 41. Ke1 Kc3 42. Kd1 Rg2 43. Ke1 Rh2 44. Rd6 d2+ 45. Kd1 Rh1+ 46. Ke2 Re1+
0-1

[Event "II Festival Panza A"]
[Site "Forio ITA"]
[Date "2010.07.20"]
[Round "5"]
[White "Brookes, Christopher"]
[Black "Graziani, Sergio"]
[Result "1-0"]
[WhiteElo "2023"]
[BlackElo "1919"]
[PlyCount "149"]
[EventDate "2010.07.17"]

1. e4 Nf6 2. e5 Nd5 3. d4 d6 4. Nf3 Bg4 5. Bc4 e6 6. O-O Be7 7. h3 Bf5 8. Bxd5
exd5 9. Nc3 c6 10. Bf4 O-O 11. Re1 Na6 12. Qd2 Nc7 13. Ne2 Ne6 14. Ng3 Bg6 15.
exd6 Bxd6 16. Bxd6 Qxd6 17. Ne5 Rfe8 18. c3 Nf8 19. Re2 f6 20. Nxg6 hxg6 21.
Rae1 Kf7 22. h4 Qd7 23. h5 Qg4 24. hxg6+ Nxg6 25. Qd1 Rxe2 26. Rxe2 Qd7 27. b3
Re8 28. Kf1 Nf4 29. Rxe8 Qxe8 30. Qf3 g5 31. Nh5 Nxh5 32. Qxh5+ Ke7 33. Qh7+
Qf7 34. Qh2 a6 35. Qb8 Ke6 36. g4 Qe7 37. f3 Kf7 38. Kf2 Ke6 39. c4 dxc4 40.
bxc4 Kf7 41. Qc8 Kg7 42. a3 Qxa3 43. Qxb7+ Kg6 44. Qxc6 Qb2+ 45. Ke3 Qc3+ 46.
Ke4 Qe1+ 47. Kd5 a5 48. c5 Qe3 49. Kc4 Qe2+ 50. Kb3 Qd1+ 51. Kc3 Qc1+ 52. Kd3
Qb1+ 53. Kd2 Qb4+ 54. Ke3 Qe1+ 55. Kd3 Qb1+ 56. Ke3 Qe1+ 57. Kd3 Qb1+ 58. Kc4
Qf1+ 59. Kd5 Qxf3+ 60. Kd6 Qxg4 61. Qe8+ Kg7 62. Qe7+ Kg6 63. c6 Qxd4+ 64. Ke6
Qc4+ 65. Kd7 Qd5+ 66. Qd6 Qb5 67. Ke7 Qe2+ 68. Qe6 Qb2 69. c7 Qb4+ 70. Kd8 Qd4+
71. Qd7 Qb6 72. Ke8 Qe3+ 73. Kf8 Qa3+ 74. Qe7 Qh3 75. Qg7+ 1-0

[Event "II Festival Panza A"]
[Site "Forio ITA"]
[Date "2010.07.20"]
[Round "5"]
[White "Hamperl, Fred"]
[Black "De Rosa, Mariagrazia"]
[Result "1/2-1/2"]
[WhiteElo "2084"]
[BlackElo "2073"]
[PlyCount "64"]
[EventDate "2010.07.17"]

1. e4 c5 2. Nc3 e6 3. f4 d5 4. d3 Nc6 5. Nf3 dxe4 6. dxe4 Qxd1+ 7. Nxd1 Nf6 8.
Nf2 Nb4 9. Kd1 Bd7 10. c3 Nc6 11. Be3 Be7 12. Be2 O-O-O 13. Kc2 h6 14. Rad1 Kb8
15. g4 g6 16. h4 Bc8 17. Rxd8 Rxd8 18. g5 hxg5 19. Nxg5 Rf8 20. h5 Nxh5 21.
Bxh5 gxh5 22. Rxh5 f6 23. Nf3 Rg8 24. e5 Rg3 25. exf6 Bxf6 26. Rh3 Rxh3 27.
Nxh3 b6 28. Nhg5 Kc7 29. a3 Kd7 30. Nf7 Bb7 31. N7e5+ Nxe5 32. Nxe5+ Bxe5
1/2-1/2

[Event "II Festival Panza A"]
[Site "Forio ITA"]
[Date "2010.07.20"]
[Round "5"]
[White "Basso, Pier Luigi"]
[Black "Lamagna, Mario"]
[Result "1/2-1/2"]
[WhiteElo "1689"]
[BlackElo "2009"]
[PlyCount "96"]
[EventDate "2010.07.17"]

1. e4 e5 2. Nf3 Nc6 3. d4 exd4 4. Bc4 Nf6 5. O-O Bc5 6. e5 d5 7. exf6 dxc4 8.
Re1+ Be6 9. Ng5 Qd5 10. Nc3 Qf5 11. Nce4 O-O-O 12. Nxc5 Qxc5 13. Nxe6 fxe6 14.
fxg7 Rhg8 15. Qg4 Qf5 16. Qxf5 exf5 17. Bg5 Rd7 18. Bf6 Rd6 19. Be7 Nxe7 20.
Rxe7 Rd7 21. Rae1 Rxg7 22. Rxg7 Rxg7 23. Kf1 Kd7 24. Re5 Kd6 25. Rxf5 Re7 26.
b3 cxb3 27. axb3 c5 28. c3 a6 29. Rf8 Kc6 30. Rd8 dxc3 31. Rd3 c2 32. Rc3 Kb5
33. Rxc2 Kb4 34. f4 b6 35. Rc1 Ka3 36. f5 Kb2 37. Re1 Rc7 38. g4 Kxb3 39. Rb1+
Kc4 40. Rxb6 a5 41. Ke2 a4 42. Kd2 a3 43. Kc2 Re7 44. Re6 Rb7 45. Re3 Rb2+ 46.
Kc1 Kb4 47. Re5 Rxh2 48. Kb1 Rh1+ 1/2-1/2

[Event "II Festival Panza A"]
[Site "Forio ITA"]
[Date "2010.07.21"]
[Round "6"]
[White "Meijers, Viesturs"]
[Black "Epishin, Vladimir V."]
[Result "1-0"]
[WhiteElo "2474"]
[BlackElo "2598"]
[PlyCount "63"]
[EventDate "2010.07.17"]

1. e4 c5 2. Nf3 e6 3. d4 cxd4 4. Nxd4 Bc5 5. Nb3 Be7 6. Nc3 d6 7. Be3 Nc6 8.
Be2 Nf6 9. O-O O-O 10. f4 b6 11. Qe1 Nb4 12. Qd2 Bb7 13. Rad1 Qc8 14. a3 Na6
15. e5 dxe5 16. fxe5 Ne4 17. Nxe4 Bxe4 18. Qd7 Bc5 19. Nxc5 Nxc5 20. Qxc8 Raxc8
21. Rd2 h6 22. Re1 Bg6 23. c4 Rc7 24. b4 Nb7 25. Red1 Rfc8 26. Bf3 Kf8 27. h4
Ke8 28. h5 Bh7 29. a4 Re7 30. c5 bxc5 31. Bxc5 Nxc5 32. Bc6+ 1-0

[Event "II Festival Panza A"]
[Site "Forio ITA"]
[Date "2010.07.21"]
[Round "6"]
[White "Rotstein, Arkadij"]
[Black "Ortega, Lexy"]
[Result "1-0"]
[WhiteElo "2527"]
[BlackElo "2488"]
[PlyCount "67"]
[EventDate "2010.07.17"]

1. c4 c6 2. e4 d5 3. exd5 cxd5 4. cxd5 Nf6 5. Qa4+ Nbd7 6. Nc3 g6 7. Nf3 Bg7 8.
Bc4 a6 9. d3 O-O 10. Qa3 Ng4 11. O-O Nde5 12. Bg5 Nxf3+ 13. gxf3 Ne5 14. Kh1
Nxf3 15. Bxe7 Qd7 16. Qd6 Re8 17. Qxd7 Bxd7 18. d6 Bxc3 19. bxc3 Bc6 20. Kg2
Nd2+ 21. Kg3 Nxf1+ 22. Rxf1 b5 23. Bb3 a5 24. Rb1 a4 25. Bd1 Rad8 26. d4 Rd7
27. Bf3 Bxf3 28. Kxf3 Rc8 29. Rxb5 Rxc3+ 30. Ke4 f6 31. Rc5 Ra3 32. Rc7 Rxc7
33. dxc7 Rc3 34. Bc5 1-0

[Event "II Festival Panza A"]
[Site "Forio ITA"]
[Date "2010.07.21"]
[Round "6"]
[White "Manca, Federico"]
[Black "Gaponenko, Inna"]
[Result "0-1"]
[WhiteElo "2356"]
[BlackElo "2465"]
[PlyCount "82"]
[EventDate "2010.07.17"]

1. e4 c5 2. c3 Nf6 3. e5 Nd5 4. d4 cxd4 5. Nf3 d6 6. cxd4 Nc6 7. Bc4 Nb6 8. Bb5
dxe5 9. Nxe5 Bd7 10. Nxd7 Qxd7 11. Nc3 Rd8 12. Be3 e6 13. O-O Be7 14. Qg4 O-O
15. Rfd1 f5 16. Qf3 f4 17. Bxc6 Qxc6 18. d5 Nxd5 19. Bxa7 Nxc3 20. Qxc6 bxc6
21. bxc3 Bf6 22. Bc5 Rxd1+ 23. Rxd1 Ra8 24. a3 Bxc3 25. Rd6 Bb2 26. Rxe6 Bxa3
27. Bxa3 Rxa3 28. h4 c5 29. Rc6 Rc3 30. h5 Kf7 31. Kh2 c4 32. f3 Rc2 33. Kh3 c3
34. Rc4 Kf6 35. h6 g5 36. Rc6+ Kf5 37. Kh2 g4 38. Rc5+ Kg6 39. fxg4 f3 40. Kh3
f2 41. Rf5 Rd2 0-1

[Event "II Festival Panza A"]
[Site "Forio ITA"]
[Date "2010.07.21"]
[Round "6"]
[White "Scharrer, Patrick"]
[Black "Caprio, Guido"]
[Result "1-0"]
[WhiteElo "2253"]
[BlackElo "2250"]
[PlyCount "79"]
[EventDate "2010.07.17"]

1. e4 c5 2. Nf3 d6 3. d4 cxd4 4. Nxd4 Nf6 5. Nc3 a6 6. h3 b5 7. Nd5 Nxe4 8. Qf3
Nc5 9. b4 Ncd7 10. Qc3 Ra7 11. Bxb5 e6 12. Bg5 Qxg5 13. Qxc8+ Qd8 14. Bxd7+
Rxd7 15. Qxd8+ Rxd8 16. Nb6 d5 17. a3 Bd6 18. Kd2 Be5 19. c3 Rd6 20. Na4 Nc6
21. Nf3 Bf6 22. Nc5 Ne7 23. g4 Ng6 24. Nd4 Bg5+ 25. Kc2 O-O 26. a4 Rc8 27. a5
Nh4 28. Rhd1 e5 29. Ndb3 Be7 30. Nb7 Rf6 31. N3c5 Rxf2+ 32. Kb3 e4 33. Rxd5 e3
34. Re5 f5 35. Rxe7 f4 36. Ne6 Ng2 37. Nd6 Rf8 38. Nxf8 Rd2 39. Nc4 Kxf8 40.
Nxd2 1-0